| 000 | 00644nam a2200205 i 4500 | ||
|---|---|---|---|
| 001 | 87845 | ||
| 003 | ES-MaACL | ||
| 005 | 20230906175742.0 | ||
| 007 | t| | ||
| 008 | 041223s1970 sp ||||1| spa d | ||
| 100 | 1 |
_aKuznets, Simón. _969094 |
|
| 245 | 1 | 0 |
_aCrecimiento económico y estructura económica / _cpor S. Kuznets ; [traducción de Gustavo Barbat Gili]. |
| 260 |
_aBarcelona : _bGustavo Gili, _c[1970] |
||
| 300 |
_a434 p. : _bil. ; _c21 cm. |
||
| 490 | 1 | _aCiencia económica | |
| 700 | 1 |
_aBarbat Gili, Gustavo. _925391 |
|
| 830 | 0 |
_aCiencia económica _9186571 |
|
| 852 |
_aES-MaACL _jC-38737 _bR.74619 |
||
| 999 |
_c87845 _d87845 |
||